[Event "Madrid Chamartin op 7th"]
[Site "Madrid"]
[Date "2018.09.06"]
[Round "6"]
[White "Merayo Estevez, Victor"]
[Black "Mkrtchyan, Levon"]
[Result "0-1"]
[WhiteElo "1566"]
[BlackElo "2116"]
[PlyCount "66"]
[EventDate "2018.09.03"]
[EventType "swiss"]
[EventRounds "9"]
[EventCountry "ESP"]
[SourceTitle "CBM 187 Extra"]
[Source "ChessBase"]
[SourceDate "2018.11.04"]
[SourceVersion "1"]
[SourceVersionDate "2018.11.04"]
[SourceQuality "1"]

1. d4 Nf6 2. Nf3 c5 3. e3 e6 4. Bd3 Nc6 5. b3 cxd4 6. exd4 d5 7. 0-0 Bd6 8. Bb2 0-0 9. a3 b6 10. Nbd2 Bb7 11. Ne5 Bxe5 12. dxe5 Nd7 13. Qe2 Nc5 14. Rfd1 Rc8 15. c4 Nxd3 16. Qxd3 Ba6 17. Qg3 Ne7 18. Rac1 Nf5 19. Qh3 Bb7 20. Nf3 Rc7 21. Nd4 Nxd4 22. Rxd4 Qg5 23. f4 Qe7 24. b4 Rfc8 25. Qb3 Rc6 26. h3 Ba8 27. Qd1 Rxc4 28. Rcxc4 Rxc4 29. Rxc4 dxc4 30. Qd4 Qc7 31. Kf2 h6 32. f5 exf5 33. Qd6 Qb7 0-1

[Event "Madrid Chamartin op 7th"]
[Site "Madrid"]
[Date "2018.09.05"]
[Round "4"]
[White "Merayo Estevez, Victor"]
[Black "Aziz Ortego, Omar Luis"]
[Result "0-1"]
[WhiteElo "1566"]
[BlackElo "2053"]
[PlyCount "138"]
[EventDate "2018.09.03"]
[EventType "swiss"]
[EventRounds "9"]
[EventCountry "ESP"]
[SourceTitle "CBM 187 Extra"]
[Source "ChessBase"]
[SourceDate "2018.11.04"]
[SourceVersion "1"]
[SourceVersionDate "2018.11.04"]
[SourceQuality "1"]

1. d4 e6 2. Bf4 f5 3. Nf3 Nf6 4. h3 Be7 5. e3 0-0 6. Bd3 d5 7. Nbd2 c5 8. c3 Nc6 9. Ne5 Nxe5 10. dxe5 Nd7 11. Nf3 Qb6 12. Rb1 c4 13. Bc2 Nc5 14. 0-0 Bd7 15. Nd4 Qa6 16. a3 Rad8 17. f3 Bc8 18. g4 g5 19. Bg3 f4 20. exf4 gxf4 21. Bf2 Bd7 22. Qe1 Rf7 23. Kg2 Rdf8 24. Ne2 Ba4 25. Bxc5 Bxc2 26. Bxe7 Rxe7 27. Ra1 Bd3 28. Rf2 Rg7 29. Nd4 Kf7 30. Qd2 Ke7 31. Ne2 Rgf7 32. Nc1 Bg6 33. Ne2 Qb6 34. Nd4 h5 35. Rh1 a6 36. Qe1 Kd7 37. Rd2 Qd8 38. Ne2 Rh8 39. Rxd5+ exd5 40. e6+ Kxe6 41. Nxf4+ Kd7 42. Qe6+ Kc7 43. Nxg6 Rhh7 44. Qe5+ Qd6 45. Rd1 hxg4 46. hxg4 Rh6 47. Rxd5 Qxe5 48. Nxe5 Rfh7 49. Nxc4 Rh2+ 50. Kg3 R2h3+ 51. Kf2 Rh2+ 52. Ke3 Re7+ 53. Kf4 b5 54. Rc5+ Kb7 55. Nd6+ Kb6 56. b4 Rd7 57. Nf5 Ra2 58. g5 Rxa3 59. g6 Ra1 60. Ke5 Rg1 61. Kf6 a5 62. g7 a4 63. Ke6 Ra7 64. c4 bxc4 65. Rxc4 a3 66. Rc8 a2 67. g8Q Rxg8 68. Rxg8 a1Q 69. Rb8+ Kc7 0-1